| 000 | 01021nam a22002177a 4500 | ||
|---|---|---|---|
| 003 | BD-DhJNU | ||
| 005 | 20260105073830.0 | ||
| 008 | 260104b |||||||| |||| 00| 0 eng d | ||
| 020 | _a9789845250450 | ||
| 040 |
_aBD-DhJNU _bBEN _cBD-DhJNU _dBD-DhJNU |
||
| 082 |
_223 _a297.74 |
||
| 100 | _aখান, আকবর আলি | ||
| 242 |
_aSuccess in the propagation of Islam in Bengal: _ba historical analysis / _cAkbar Ali Khan |
||
| 245 |
_aবাংলায় ইসলাম প্রচারে সাফল্য : _bএকটি ঐতিহাসিক বিশ্লেষণ / _cআকবর আলি খান |
||
| 260 |
_aঢাকা : _bপ্রথমা, _c2019. |
||
| 300 |
_a ১১৯ পৃ. ; _c২৩ সেমি |
||
| 504 | _aগ্রন্থপঞ্জিগত নির্দেশিকা ও নিঘন্ট অন্তভূক্ত | ||
| 650 | _aইতিহাস ও ঐতিহ্য, সমাজ | ||
| 650 | _aHistory and Tradition, Society | ||
| 942 |
_2ddc _cBK _n0 |
||
| 999 |
_c2475 _d2475 |
||